000 00348 a2200169 4500
001 74046
020 _a852623422-6
040 _cAnchieta - Colégio São Paulo
100 _asSeele, Philip
240 1 0 _aIlhas
_lpor
245 1 0 _aIlhas
300 _a32
362 0 _a1998
440 1 _aScipione
650 4 _aGeografia e viagens
942 _cBK
999 _c74046
_d74046